Cronología de la cooperativa eléctrica y de luz y fuerza de punta alta, 1926-2005 : confeccionada en base a la publicada en la revista cooperativa eléctrica de punta alta, punta alta, 1986 y actualizada al año 2005 /

Guardado en:
Formato: Libro
Publicado: Punta Alta : Archivo Histórico Municipal, 2006
Materias:
Etiquetas: Agregar Etiqueta
Sin Etiquetas, Sea el primero en etiquetar este registro!
LEADER 00743nam a22001695a 4500
001 EHU.bham042422
003 AR-BHAM
005 20140424111556.0
008 130507s2006##################000#0#####d
082 3 3 |a 334.609 
245 0 0 |a Cronología de la cooperativa eléctrica y de luz y fuerza de punta alta, 1926-2005 :  |b confeccionada en base a la publicada en la revista cooperativa eléctrica de punta alta, punta alta, 1986 y actualizada al año 2005 /  |c  Consejo Directivo 
260 |a Punta Alta :  |b Archivo Histórico Municipal,  |c 2006 
300 |a 111 p. 
653 |a Punta alta-historia de 
653 |a Cooperativismo 
653 |a Punta alta-cooperativa eléctrica-cronología 
859 |a AR-BHAM  |b BIB. HUMANIDADES - General  |h 334.609  |i C339-1  |p 326.13  |t Ej.1